Position of Coal in Chinese Energy Mix

Vládna stratégia v sekuritizácii energetických zdrojov v Číne. Energetický mix Číny a uhlie. Tvorba medzinárodnej ceny uhlia pod vplyvom čínskej spotreby uhlia.

Na minha lista:
Detalhes bibliográficos
Autor principal: Harvánek, Lukáš
Formato: Capítulo de Livro
Idioma:inglês
Assuntos:
Tags: Adicionar Tag
Sem tags, seja o primeiro a adicionar uma tag!

MARC

LEADER 00000nla a2200000 4500
001 0197192
005 20240502073329.7
041 0 |a eng 
044 |a SK 
245 1 0 |a Position of Coal in Chinese Energy Mix  |c Lukáš Harvánek 
520 |a Vládna stratégia v sekuritizácii energetických zdrojov v Číne. Energetický mix Číny a uhlie. Tvorba medzinárodnej ceny uhlia pod vplyvom čínskej spotreby uhlia. 
610 2 0 |a Čína 
610 2 0 |a bezpečnosť energetická 
610 2 0 |a uhlie 
610 2 0 |a spotreba energie 
610 2 0 |a politika cenová 
610 2 0 |a regulácia cenová 
610 2 0 |a vývoj cenový 
610 2 0 |a mix energetický 
100 1 |a Harvánek, Lukáš